00568nam a2200169 i 4500001000300000100001900003245008000022260002100102700002300123040000800146041000800154942000700162008004100169999001700210856009800227952007300325bg1 aKOZAK, Tadeusz 0aPrzykłady i zadania z wymiany ciepła /cTadeusz Kozak, Władysław Nowak. aSzczecin,c1981.1 aNOWAK, Władysław cBPK apol cKS s pl f |000 0 pol  c20076d20076 uhttp://koha.tu.koszalin.pl/cgi-bin/koha/opac-detail.pl?biblionumber=20076yKatalog online BPK 00104070aBPKbBPKcwo28320p01283655q2026-09-05s2024-07-02yKS